00874nam a22001695i 4500001000700000003000900007005001700016008004100033040002000074100002400094245022900118260008900347300002100436650002300457852010500480852011900585166821ES-MaACL20250731030202.0050919s1879 sp | |||||||| ||spa d aCAM bspa cCAM1 aUtor, Luis María.10aNecesidad de devolver al suelo los principales nutritivos que las plantas extraen de él en cada cosecha para conservar su fertilidad b: conferencia agrícola pronunciada el 4 de mayo de 1879 / cpor Luis María de Utor. aMadrid : b[s.n., cs.a.] (fImprenta y fundicion de la viuda é hijos de García) a34 p. ; c18 cm. 7aAgricultura2embne aES-MaACLjT-645-F-6 z-- Enc. hol. conservando la cub. original z-- Enc. en un vol. facticiocDEPOF aES-MaACLjT-1307-F-2 z-- Enc. hol. conservando la cub. original z-- Donativo Bosch z-- Enc. en un vol. facticio